Missing Team Blitz Quiz Stats

Quiz Updated Jun 12, 2017

Challenge
Share
Tweet
Embed
Score 0/24 Timer 03:00
0 Plays Today
Teams in Division Missing Team % Correct
Bills, Dolphins, PatriotsNew York Jets
96%
Cowboys, Giants, RedskinsPhiladelphia Eagles
93.6%
Lions, Packers, VikingsChicago Bears
88.8%
Bengals, Browns, SteelersBaltimore Ravens
88.5%
Jaguars, Texans, TitansIndianapolis Colts
83.5%
Buccaneers, Falcons, PanthersNew Orleans Saints
80.6%
Broncos, Chargers, RaidersKansas City Chiefs
77.5%
49ers, Cardinals, SeahawksLos Angeles Rams
74%
Braves, Marlins, Nationals, PhilliesNew York Mets
70.3%
Blue Jays, Orioles, Red Sox, YankeesTampa Bay Rays
70%
Astros, Athletics, Mariners, RangersLos Angeles Angels
66.6%
Diamondbacks, Dodgers, Padres, RockiesSan Francisco Giants
61.2%
Teams in Division Missing Team % Correct
Brewers, Cardinals, Cubs, PiratesCincinnati Reds
59.3%
Indians, Royals, Tigers, White SoxMinnesota Twins
57.8%
76ers, Celtics, Knicks, RaptorsBrooklyn Nets
49.4%
Grizzlies, Pelicans, Mavericks, RocketsSan Antonio Spurs
43.5%
Bucks, Cavaliers, Pacers, PistonsChicago Bulls
41.2%
Hornets, Hawks, Magic, WizardsMiami Heat
37.8%
Clippers, Kings, Lakers, WarriorsPhoenix Suns
36.9%
Nuggets, Thunder, Timberwolves, Trail BlazersUtah Jazz
27.4%
Blue Jackets, Capitals, Devils, Hurricanes, Islanders, Penguins, RangersPhiladelphia Flyers
26.3%
Coyotes, Canucks, Ducks, Flames, Oilers, Sharks, Golden KnightsLos Angeles Kings
21.9%
Canadiens, Lightning, Maple Leafs, Panthers, Red Wings, Sabres, SenatorsBoston Bruins
20.2%
Avalanche, Blackhawks, Blues, Jets, Predators, StarsMinnesota Wild
12.5%

You're not logged in!

Compare scores with friends on all Sporcle quizzes.
Sign Up with Email
OR
Log In

You Might Also Like...

Show Comments

Extras

Top Quizzes Today


Score Distribution

Your Account Isn't Verified!

In order to create a playlist on Sporcle, you need to verify the email address you used during registration. Go to your Sporcle Settings to finish the process.